Movies to Song to Band Quiz Stats

 Plays Quiz Updated Jul 14, 2019

Score 0/30 Timer 06:00
2 Plays Today
% Correct
Madonna
90.2%
ABBA
84%
Eagles
81.8%
The Beatles
81.1%
Aerosmith
80.3%
U2
75.3%
Creedence Clearwater Revival
72.3%
Dire Straits
72.1%
The Doors
71.2%
Lynyrd Skynyrd
69.1%
Jefferson Airplane
65%
Donna Summer
61.8%
George Harrison
61.8%
Bruce Springsteen
58.5%
The Guess Who
55.6%
% Correct
Elton John
55.5%
Black Sabbath
55.4%
The White Stripes
54.8%
Counting Crows
51.3%
Depeche Mode
49.8%
Bee Gees
46.2%
Stray Cats
45.7%
Garbage
44%
Pearl Jam
42.8%
Prince
37.7%
Donovan
35.9%
The Cars
35.5%
The Byrds
32.6%
The Beach Boys
32.4%
Earth, Wind & Fire
22.6%

You're not logged in!

Compare scores with friends on all Sporcle quizzes.
OR
Log In

Sporcle TV

Today on Sporcle TV


Watch our educational content, quiz creation guides, and fun videos on Sporcle TV.

Show Comments

Extras

Top Quizzes Today


Score Distribution

Your Account Isn't Verified!

In order to create a playlist on Sporcle, you need to verify the email address you used during registration. Go to your Sporcle Settings to finish the process.

Report this User

Report this user for behavior that violates our Community Guidelines.

Details: